000 00483nam a2200181Ia 4500
005 20250923150154.0
008 008 250917s9999 xx 000 0 eng d
037 _aTextual
040 _aDSWL
_beng
_cDSWL
041 _aeng
_2eng
084 _qDSWL
100 _aGrix, Jonathan
_9843020
245 4 _aThe fondation of research
_cby Jonathan Grix
260 _aHound
_bmills Palgrave Macmillan
_c2004
300 _a189p.
942 _cTEXL
999 _c1460382
_d1460382